| 000 | 00471cam a22001097a 4500 | ||
|---|---|---|---|
| 008 | 180718b-- xxu||||| |||| 00| 0 eng d | ||
| 082 | _aT19065x5431 E | ||
| 245 |
_aEconomic census, Jammu and Kashmir _cby Planning and Development Department. Directorate of Evaluation and Statistics |
||
| 260 |
_aSrinagar _bThe author _c-- |
||
| 500 | _aLibrary has 1980 (provisional) | ||
| 700 | _aJammu and Kashmir. Planning and Development Department. Directorate of Evaluation and Statistics | ||
| 999 |
_c490283 _d490283 |
||